000
00256nam a2200097 a 4500
005
20200930022520.0
008
110114s1933 000 spa d
245
3
_a
El periodismo en República Dominicana.
260
_a
Santo Domingo,
_c
1933.
999
_c
23345
_d
23345
040
_a
DO-SdBNP